000 02430cam a22006974i 4500
003 PE-LiUPU
005 20260505092654.0
008 150617s1971 sp r 000 0 spa d
020 _a8425302382
020 _a9788425302381
035 _a(Sirsi) i9788425302381
040 _aPE-LiUPU
_bspa
_cPE-LiUPU
_erda
041 1 _aspa
_heng
049 _aPRUA
082 0 4 _a158.1
_bP358a
_220
100 1 _aPeale, Norman Vincent,
_d1898-1993
_eautor.
_98515
245 1 3 _aEl arte de la verdadera felicidad /
_cNorman Vincent Peale, Smiley Blanton; versión española por Amparo Garcia Burgos.
250 _aPrimera edición.
264 1 _aBarcelona :
_bEdiciones Grijalbo,
_c1971.
300 _a232 páginas ;
_c21 cm
336 _atext
_2rdacontent
337 _aunmediated
_2rdamedia
338 _avolume
_2rdacarrier
490 0 _aObras completas de Norman Vincent Peale ;
_v10
500 _a1a. ed. 1971, 6a. ed. 1980.
505 0 _aEn el umbral de una nueva vida -- ¿Por qué amamos y odiamos al mismo tiempo? -- Cómo disfrutar de paz mental -- Relajaos y renovad vuestra fuerza -- Cómo mantenerse cuerdo bajo una tensión constante -- Cómo enfrentarse a la depresión y a la ansiedad -- Cómo lograr el éxito en el matrimonio -- Una solución para el problema del alcoholismo -- Consuelo y comprensión para los que han perdido a un ser querido -- Cómo envejecer con gracia -- Cómo sacar el mejor partido de sí mismo -- El arte de llevarse bien con los demás.
526 _aSEG68
526 _aSEG70
526 _aSEG69
526 _aSEG67
526 _aSEG43
526 _aP144
526 _aP143
526 _aP131
526 _aP122
526 _aP120
526 _aP117
526 _aP112
526 _aP110
526 _aP106
526 _aP101
526 _aP80
526 _aP59
526 _aP54
526 _aP35
526 _aP33
526 _aP30
534 _aTítulo original :
_tThe art of real happiness.
650 1 4 _aAutoayuda
_95814
650 2 4 _aFelicidad
_91027
650 2 4 _aSalud mental
_95574
650 2 0 _aDesarrollo personal
_98159
700 _aBlanton, Smiley,
_eautor.
_98535
700 1 _aGarcía Burgos, Amparo,
_etraductor.
910 _ajck
910 _adbm
942 _2ddc
_cBK
980 _818226
_gJaime Vilcazán Jefe de Análisis Documental
999 _c1398
_d1398